Which State Is This Celebrity From? #2 - Statistics

General Stats
  • This quiz has been taken 44 times
  • The average score is 12 of 15
Answer Stats
Picture Hint Answer % Correct
Mark Wahlberg Massachusetts
92%
Oprah Winfrey Mississippi
86%
Bob Dole Kansas
83%
Jennifer Lawrence Kentucky
83%
Stephen King Maine
83%
Ellen DeGeneres Louisiana
81%
Bob Dylan Minnesota
81%
Serena Williams Michigan
78%
Babe Ruth Maryland
75%
John Goodman Missouri
75%
Meryl Streep New Jersey
75%
Marlon Brando Nebraska
72%
Dan Brown New Hampshire
72%
David Lynch Montana
69%
Jimmy Kimmel Nevada
69%
No matching quizzes found
Score Distribution
Percent of People with Each Score
Percentile by Number Answered
Your Score History
You have not taken this quiz